000 00336nam a2200133Ia 4500
008 240624s9999 xx 000 0 und d
041 _aeng
082 _a657.45 KIR
100 _aKIRKER TRACY BENSON
245 _aWEB SITE AUDIT
260 _aUK
_bCambridge Strategy Publications Ltd
300 _a88 : p. : cm. ; 29
365 _cRS
_b50
999 _c28499
_d28499